000 00709nam a2200229 a 4500
001 59768
003 BD-RjUL
005 20211209080752.0
008 161228s1951 xx a 00100 eng d
035 _a(BD-RjUL)59892
040 _aOCP
_cOCP
_dBD-RjUL
_beng
041 _aeng
082 _223
_a330.09
_bBRA 1951
100 1 _aBrown, Arthur Joseph Youngson.
_9177837
245 1 4 _aThe American economy, 1860-1940 /
_cWith a foreword by Keith A. H. Murray.
260 _aNew York :
_bLibrary publishers,
_cc1951
300 _a208 p. :
_bill. ;
_c22 cm.
504 _aBibliography: p. 203-205.
650 _aEconomic conditions
_zUnited States
_9177840
650 _aEconomic history
_9172944
942 _2ddc
_cBK
999 _c59768
_d59768